| 000 | 00407cam a2200169ua 4500 | ||
|---|---|---|---|
| 020 | _c3.00 | ||
| 041 |
_amal _h |
||
| 082 |
_a894.812308 _bNAR/PR |
||
| 100 | _aNarayana Pillai, M R . | ||
| 245 |
_aPremalatha / _cM R Narayana Pillai. _hTextual Documents |
||
| 260 |
_aCalicut : _bP.K Brothers , _c1960. |
||
| 300 | _a226 ; . | ||
| 365 | _a3.00 | ||
| 504 | _a | ||
| 942 | _cBK | ||
| 999 |
_c5208 _d5208 |
||